|
|
|
|
| LEADER |
00000nab a2200000 a 4500 |
| 001 |
vtls009488357 |
| 003 |
SK-MaSNL |
| 005 |
20260304164515.0 |
| 008 |
250507c2008 xo |||||| | ||00 b|slo |
| 015 |
|
|
|a SNBRB2009/03
|2 snkbucl
|
| 035 |
|
|
|a (uuid)f2e1d8e7-480f-42c7-80e2-4f7fa348b380
|
| 035 |
|
|
|a urn:nbn:sk:snk-ab96w1
|
| 035 |
|
|
|a (urnnbn)urn:nbn:sk:snk:ar-0073o2
|
| 038 |
|
|
|a SNKBUCL
|
| 040 |
|
|
|a SNKBUCL
|b slo
|c SNKBUCL
|e AACR2
|
| 041 |
0 |
|
|a slo
|
| 044 |
|
|
|a xo
|c SK
|
| 080 |
|
|
|a 81'244
|x (437.6)
|2 2001
|
| 080 |
|
|
|a 371.671=511.141
|2 2001
|
| 080 |
|
|
|a 342.725
|x (437.6)
|2 2001
|
| 080 |
|
|
|a 81'373.21
|x (437.6)
|2 2001
|
| 080 |
|
|
|a 371.671:81'373.21
|2 2001
|
| 080 |
|
|
|a 371:376.74
|x (437.6)
|2 2001
|
| 100 |
1 |
|
|a Doruľa, Ján,
|d 1933-
|4 aut
|9 13281
|
| 245 |
1 |
0 |
|a Slovenčina ako politikum včera aj dnes
|c Ján Doruľa
|
| 650 |
0 |
7 |
|a maďarská iredenta
|2 snkbucl
|9 99613
|
| 650 |
0 |
7 |
|a školy s vyučovacím jazykom maďarským
|2 snkbucl
|9 335681
|
| 650 |
0 |
7 |
|a maďarské učebnice
|2 snkbucl
|9 1036275
|
| 650 |
0 |
7 |
|a štandardizované toponymá
|2 snkbucl
|9 1293873
|
| 650 |
0 |
7 |
|a historické názvy
|2 snkbucl
|9 29609
|
| 650 |
0 |
7 |
|a maďarské toponymá
|2 snkbucl
|9 1206246
|
| 650 |
0 |
7 |
|a jazyková politika
|2 snkbucl
|9 4506
|
| 650 |
0 |
7 |
|a slovenské toponymá
|2 snkbucl
|9 1206244
|
| 650 |
0 |
7 |
|a oficiálne toponymá
|2 snkbucl
|9 1206245
|
| 650 |
0 |
7 |
|a ojkonymá
|2 snkbucl
|9 239133
|
| 773 |
0 |
|
|t Kultúra
|g Roč. XI, č. 19 (2008), s. 4 a 11
|x 1335-3470
|
| 850 |
|
|
|a Slovenská národná knižnica
|
| 852 |
|
|
|a Slovenská národná knižnica
|
| 856 |
4 |
1 |
|u http://www.kultura-fb.sk/new/old/archive/pdf/kult1908.pdf
|
| 954 |
|
|
|a odborná, vedecká literatúra pôvodná (slovenská)
|2 lita
|
| 958 |
|
|
|a article13
|
| 958 |
|
|
|a OND
|
| 958 |
|
|
|a HU
|
| 958 |
|
|
|a EUIPO
|
| 999 |
|
|
|c 2980813
|d 2982743
|